000 00754 a2200241 4500
005 20251219122146.0
008 251219b |||||||| |||| 00| 0 eng d
020 _a978-1-5095-66914-4 (pbk)
037 _cTB
040 _aCRL
_cCRL
041 _2eng
_aeng
084 _aV55.N7 R5
_qCRL
100 _aTheodor W. Adorno
_9821985
245 _aFighting Antisemitism Today
260 _aCambridge, UK:
_bPolity Press,
_c2025.
300 _avii;74p.
365 _b12.95
_cUSD
650 _aGermany-History
_9858025
650 _aAntisemitism
_9858026
650 _aHistory
_9858027
942 _cTB
_2CC
_n0
_hV55.N7 R5
999 _c1435823
_d1435823